| 000 | 00629nam a2200193 a 4500 | ||
|---|---|---|---|
| 001 | 2047969 | ||
| 003 | AM-YEHGA | ||
| 005 | 20260418094911.0 | ||
| 008 | 260205s1924 ru |||||||||||||||0|rus|d | ||
| 040 | _aAM-YeHGA | ||
| 041 | 0 | _arus | |
| 245 | 0 | 0 |
_aУмер Ленин : _bСборник / _cПод ред. Б. Волина и М. Кольцова. |
| 260 |
_aМосква : _bМосполиграф, _c1924. |
||
| 300 |
_a64 с. : _bил. |
||
| 600 | 1 | 4 | _aЛенин, Владимир Ильич |
| 650 | 1 | 4 |
_aМарксизм-ленинизм _xПерсоналии |
| 700 | 1 |
_aВолин, Б. _eред. |
|
| 942 |
_2udc _cBK |
||
| 999 |
_c541369 _d541369 |
||